000 02467cam a22003738i 4500
999 _c60426
_d60426
001 21224846
005 20230714163632.0
008 191002s2020 nju 001 0 eng
010 _a 2019044963
020 _a9781119438557
_q(cloth)
020 _z9781119645702
_q(adobe pdf)
020 _z9781119645757
_q(epub)
040 _aDLC
_beng
_erda
_cDLC
042 _apcc
050 0 0 _aRC488.5
_b.H3346 2020
080 _a159+616 The-44
245 0 4 _aThe handbook of systemic family therapy : Volume 1 /
_ceditor in chief, Karen S. Wampler.
263 _a2001
264 1 _aHoboken, NJ :
_bWiley,
_c[2020]
300 _avolumes cm
336 _atext
_btxt
_2rdacontent
337 _aunmediated
_bn
_2rdamedia
338 _avolume
_bnc
_2rdacarrier
500 _aIncludes index.
520 _a"A first of its kind resource for clinicians, researchers, educators, graduate students, and policymakers, this authoritative four-volume Handbook is a ground-breaking reference work on both the profession and the practice of systemic family therapy. The Handbook integrates the scholarly literature on systemic interventions focused on children, couples, and families into a single resource. Volume 1 includes critical information on the theoretical, practice, research, and policy foundations of the profession of systemic family therapy and its roles in an integrated health care system. Topics in Volume 2 (children and adolescents), Volume 3 (couples), and Volume 4 (family over the lifespan) reflect established and emerging interventions for the core difficulties in relationships that impact the mental and physical health of individuals, couples, and families. Contributors provide a balanced, integrative, and forward-looking analysis of the research, theory and interventions related to their topic illustrated with clinical examples. Particular attention is paid to cultural and family diversity throughout the work"--
_cProvided by publisher.
650 0 _aFamily psychotherapy.
_919347
653 _aსაოჯახო ფსიქოთერაპია
653 _aფსიქოლოგია, მედიცინა
700 1 _aWampler, Karen S,
_eeditor.
_919348
776 0 8 _iOnline version:
_tThe handbook of systemic family therapy.
_dHoboken, NJ : Wiley, [2020]
_z9781119645702
_w(DLC) 2019044964
906 _a7
_bcbc
_corignew
_d1
_eecip
_f20
_gy-gencatlg
942 _2udc
_cBK
955 _brm14 2019-10-02
_crm14 2019-10-02 (to SMA)